| 000 | 00578cam a2200193 4500 | ||
|---|---|---|---|
| 999 |
_c3368 _d3368 |
||
| 001 | 63 | ||
| 003 | BD-DhUAP | ||
| 005 | 20200304112514.0 | ||
| 008 | 200304s1956 ii abe b 001 0 eng | ||
| 040 |
_aDLC _cDLC _dBD-DhUAP _bEng |
||
| 082 |
_223 _a720.954 BRO |
||
| 100 | 1 | _aBrown, Percy. | |
| 245 | 1 | 0 |
_aIndian architecture : _bislamic periond / _cPercy Brown. |
| 260 |
_aBombay : _bD. B. Taraporevala Sons & Co. Pvt. Ltd., _cc1956. |
||
| 300 |
_avarious pages : _billustrations ; _c29 cm. |
||
| 500 | _aIncludes index. | ||
| 650 | 0 |
_aArchitecture _zIndia _xHistory. |
|
| 942 |
_2ddc _cBK |
||